000 00183nam a2200085 4500
001 1259059
005 20260414105541.0
245 _aYARASA ÇIKMAZI
_cGÖKTUĞ CANBABA
260 _bDOĞAN
999 _c1259059
_d1259059